Similar Sized States Bordering Each Other - Statistics

General Stats
  • This quiz has been taken 37 times
  • The average score is 27 of 30
Answers on the Map
Answers color-coded by a green-red scale on the quiz's map according to % correct below.
 
Answer Stats
Answer % Correct
D Kansas
97%
D Nebraska
97%
E Nebraska
97%
A Arizona
93%
B Arizona
93%
G Illinois
93%
K Kentucky
93%
L Kentucky
93%
A New Mexico
93%
I Ohio
93%
J Tennessee
93%
K Tennessee
93%
C Idaho
90%
L Indiana
90%
G Iowa
90%
H Louisiana
90%
H Mississippi
90%
B Nevada
90%
E South Dakota
90%
C Utah
90%
N Vermont
90%
O Vermont
90%
O New Hampshire
86%
I Pennsylvania
86%
J Virginia
86%
F Missouri
83%
F Oklahoma
83%
N Massachusetts
79%
M West Virginia
79%
M Maryland
76%
No matching quizzes found
Score Distribution
Percent of People with Each Score
Percentile by Number Answered
Your Score History
You have not taken this quiz